Marketing hoy (Registro nro. 8673)
[ vista simple ]
| 000 -LEADER | |
|---|---|
| fixed length control field | 00839nas a2200265 454500 |
| 001 - CONTROL NUMBER | |
| control field | 29622 |
| 005 - DATE AND TIME OF LATEST TRANSACTION | |
| control field | 20260407193508.0 |
| 008 - FIXED-LENGTH DATA ELEMENTS--GENERAL INFORMATION | |
| fixed length control field | 260407s1993####ag###########|||spa#d |
| 003 - CONTROL NUMBER IDENTIFIER | |
| control field | AR-UNSa-BCEJYS |
| 040 ## - CATALOGING SOURCE | |
| Original cataloging agency | AR-UNSa-BCEJYS |
| Language of cataloging | spa |
| Transcribing agency | AR-UNSa-BCEJYS |
| 080 ## - UNIVERSAL DECIMAL CLASSIFICATION NUMBER | |
| Universal Decimal Classification number | 658.8 |
| Common auxiliary subdivision | Organización de mercados. Marketing. Ventas. Distribución |
| 041 ## - LANGUAGE CODE | |
| Language code of text/sound track or separate title | spa |
| 100 1# - MAIN ENTRY--PERSONAL NAME | |
| Personal name | Asociación Argentina de Marketing |
| 245 10 - TITLE STATEMENT | |
| Title | Marketing hoy |
| 264 #1 - PRODUCTION, PUBLICATION, DISTRIBUTION, MANUFACTURE, AND COPYRIGHT NOTICE | |
| Place of production, publication, distribution, manufacture | Buenos Aires : |
| Name of producer, publisher, distributor, manufacturer | Coyuntura |
| Date of production, publication, distribution, manufacture, or copyright notice | 1993 |
| 310 ## - CURRENT PUBLICATION FREQUENCY | |
| Current publication frequency | Frecuencia: Trimestral |
| 590 ## - LOCAL NOTE (RLIN) | |
| Local note | niveau_biblio:s niveau_hierar:1 |
| 650 ## - SUBJECT ADDED ENTRY--TOPICAL TERM | |
| Topical term or geographic name entry element | Marketing |
| 650 ## - SUBJECT ADDED ENTRY--TOPICAL TERM | |
| Topical term or geographic name entry element | Estudio de mercado |
| 700 1# - ADDED ENTRY--PERSONAL NAME | |
| Personal name | Mercado |
| 700 1# - ADDED ENTRY--PERSONAL NAME | |
| Personal name | Concilio, Andrés |
| 700 1# - ADDED ENTRY--PERSONAL NAME | |
| Personal name | Diez, Miguel Angel |
| 856 41 - ELECTRONIC LOCATION AND ACCESS | |
| Uniform Resource Identifier | <a href="https://biblioeco.unsa.edu.ar/pmb/images/revistas/Marketing-r14303.jpg">https://biblioeco.unsa.edu.ar/pmb/images/revistas/Marketing-r14303.jpg</a> |
| Link text | Imagen de portada |
| Electronic format type | image/jpeg |
| 942 ## - ADDED ENTRY ELEMENTS (KOHA) | |
| Koha item type | |
| Withdrawn status | Lost status | Damaged status | Not for loan | Home library | Current library | Shelving location | Date acquired | Serial enumeration / chronology | Total checkouts | Full call number | Barcode | Date last seen | Price effective from | Koha item type |
|---|---|---|---|---|---|---|---|---|---|---|---|---|---|---|
| Biblioteca Prof. Eusebio Cleto del Rey | Biblioteca Prof. Eusebio Cleto del Rey | 01/01/1995 | Año III, Nº 8 - ene. 1995 | H658.8 MAR 8 | R14318 | 10/04/2026 | 10/04/2026 | Numero | ||||||
| Biblioteca Prof. Eusebio Cleto del Rey | Biblioteca Prof. Eusebio Cleto del Rey | 01/10/1994 | Año II, Nº 7 - oct. 1994 | H658.8 MAR 7 | R14317 | 10/04/2026 | 10/04/2026 | Numero | ||||||
| Biblioteca Prof. Eusebio Cleto del Rey | Biblioteca Prof. Eusebio Cleto del Rey | 01/07/1994 | Año II, Nº 6 - jul. 1994 | H658.8 MAR 6 | R14316 | 10/04/2026 | 10/04/2026 | Numero | ||||||
| Biblioteca Prof. Eusebio Cleto del Rey | Biblioteca Prof. Eusebio Cleto del Rey | 01/04/1994 | Año II, Nº 5 - abr. 1994 | H658.8 MAR 5 | R14315 | 10/04/2026 | 10/04/2026 | Numero | ||||||
| Biblioteca Prof. Eusebio Cleto del Rey | Biblioteca Prof. Eusebio Cleto del Rey | 01/01/1994 | Año I, Nº 4 - ene. 1994 | H658.8 MAR 4 | R14314 | 10/04/2026 | 10/04/2026 | Numero | ||||||
| Biblioteca Prof. Eusebio Cleto del Rey | Biblioteca Prof. Eusebio Cleto del Rey | 01/10/1993 | Año I, Nº 3 - oct. 1993 | H658.8 MAR 3 | R14313 | 10/04/2026 | 10/04/2026 | Numero | ||||||
| Biblioteca Prof. Eusebio Cleto del Rey | Biblioteca Prof. Eusebio Cleto del Rey | 01/07/1993 | Año I, Nº 2 - jul. 1993 | H658.8 MAR 2 | R14312 | 10/04/2026 | 10/04/2026 | Numero | ||||||
| Biblioteca Prof. Eusebio Cleto del Rey | Biblioteca Prof. Eusebio Cleto del Rey | 01/04/1993 | Año I, Nº 1 - abr. 1993 | H658.8 MAR 1 | R14303 | 10/04/2026 | 10/04/2026 | Numero |